Giáo trình công nghệ không dệt

সংরক্ষণ করুন:
গ্রন্থ-পঞ্জীর বিবরন
প্রধান লেখক:  Nguyễn, Nhật Trinh
বিন্যাস: Sách
ভাষা:Undetermined
প্রকাশিত:  Bách khoa - Hà Nội  2014
বিষয়গুলি:
ট্যাগগুলো: ট্যাগ যুক্ত করুন
কোনো ট্যাগ নেই, প্রথমজন হিসাবে ট্যাগ করুন!
Thư viện lưu trữ: Trung tâm Thư viện - Trường Đại học Công nghiệp TP. Hồ Chí Minh
LEADER 00550nam a2200157Ia 4500
001 UIH_02546
008 231011s9999 xx 000 0 und d
082 |a  677.6 
100 |a  Nguyễn, Nhật Trinh 
245 0 |a  Giáo trình công nghệ không dệt 
245 0 |c  Nguyễn, Nhật Trinh 
260 |b  Bách khoa - Hà Nội 
260 |c  2014 
650 |a  Công nghệ sản phẩm không dệt;  
927 |a Sách 
980 |a Trung tâm Thư viện - Trường Đại học Công nghiệp TP. Hồ Chí Minh